Bugyi település rendezvényeinek társadalmi hatása és fejlesztési lehetőségei
| Szerző: | |
|---|---|
| További közreműködők: | |
| Dokumentumtípus: | Diplomadolgozat |
| Kulcsszavak: | emberi közösség közösségfejlesztés rendezvények település településfejlesztés |
| Online Access: | http://dolgozattar.uni-bge.hu/59636 |
MARC
| LEADER | 00000nta a2200000 i 4500 | ||
|---|---|---|---|
| 001 | dolg59636 | ||
| 005 | 20260409145336.0 | ||
| 008 | 260409suuuu hu om 000 hun d | ||
| 040 | |a BGE Dolgozattár Repozitórium |b hun | ||
| 041 | |a hu | ||
| 100 | 1 | |a Vara Nóra Boglárka | |
| 245 | 1 | 0 | |a Bugyi település rendezvényeinek társadalmi hatása és fejlesztési lehetőségei |c Vara Nóra Boglárka |h [elektronikus dokumentum] |
| 520 | 3 | |a Szakdolgozatomban Bugyi nagyközség kulturális és közösségi rendezvényeinek társadalmi hatását és fejlesztési lehetőségeit vizsgáltam. Célom az volt, hogy feltárjam, miként járulnak hozzá ezek az események a helyi közösség összetartozásának erősítéséhez, a társas kapcsolatok kialakulásához, valamint a helyi identitás megőrzéséhez. Külön figyelmet fordítottam a Bessenyei György Művelődési Ház és Könyvtár szerepére, mint a település közművelődési életének meghatározó intézményére. A kutatás során kérdőíves felmérést végeztem a település lakóival, hogy képet kapjak az elégedettségükről, elvárásaikról és javaslataikról a rendezvényekkel kapcsolatban. Illetve interjút készítettem a helyi művelődési ház igazgatójával. Feltételezésem szerint a közösségi programok pozitívan hatnak a helyiek közérzetére és közösségi elköteleződésére, és megfelelő fejlesztésekkel növelhető a lakosság részvétele is. Dolgozatom végén fejlesztési javaslatokat is megfogalmaztam, amelyek célja a rendezvények minőségének javítása, a lakossági aktivitás ösztönzése, valamint a közösségi kohézió további erősítése. | |
| 695 | |a emberi közösség | ||
| 695 | |a közösségfejlesztés | ||
| 695 | |a rendezvények | ||
| 695 | |a település | ||
| 695 | |a településfejlesztés | ||
| 700 | 1 | |a Joós Tamás |e ths | |
| 856 | 4 | 0 | |u http://dolgozattar.uni-bge.hu/59636/1/Vara%20N%C3%B3ra%20Bogl%C3%A1rka%20-%20Bugyi%20telep%C3%BCl%C3%A9s%20rendezv%C3%A9nyeinek%20t%C3%A1rsadalmi%20hat%C3%A1sa%20%C3%A9s%20fejleszt%C3%A9si%20lehet%C5%91s%C3%A9gei.pdf |z Dokumentum-elérés |
| 856 | 4 | 0 | |u http://dolgozattar.uni-bge.hu/59636/2/Vara%20N%C3%B3ra%20konzulensi%20%C3%A9rt%C3%A9kel%C3%A9s.pdf |z Dokumentum-elérés |
| 856 | 4 | 0 | |u http://dolgozattar.uni-bge.hu/59636/3/VargaN%C3%B3ra.pdf |z Dokumentum-elérés |